強風オールバックの歌詞 - Statistics

General Stats
  • This quiz has been taken 368 times
  • The average score is 32 of 44
Answer Stats
歌詞 % Correct
終わったわ
99%
終わったわ
99%
終わったわ
99%
終わったわ
99%
外出た瞬間
97%
外出た瞬間
97%
外出た瞬間
97%
風 強すぎて
90%
お亡くなり
90%
風 強すぎて
90%
お亡くなり
90%
風 強すぎて
90%
お亡くなり
90%
風 強すぎて
90%
お亡くなり
90%
オールバック
87%
オールバック
87%
オールバック
87%
オールバック
87%
オールバック
87%
進めない
84%
進めない
84%
進めない
84%
進めない
84%
定期 定期 的に
79%
定期 定期 的に
79%
定期 定期 的に
79%
定期 定期 的に
79%
天気は良いのに
71%
天気は良いのに
71%
天気は良いのに
71%
天気は良いのに
71%
って 思いました
60%
って 思いました
60%
地下に潜りたいな
54%
風さえなくなれば
48%
あったかいのに
46%
ハト ハト ハト ハト
42%
大乱闘
42%
いやいや と
37%
ずっと座りたいな
27%
外でたら
26%
髪の毛 強風
21%
そっ と出た瞬間
13%
No matching quizzes found
Score Distribution
Percent of People with Each Score
Percentile by Number Answered
Your Score History
You have not taken this quiz